书目信息 |
| 题名: |
饭店人力资源管理实务
|
|
| 作者: | 顾沉珠 , 田刚 主编 | |
| 分册: | ||
| 出版信息: | 南京 东南大学出版社 2007.07 |
|
| 页数: | 176页 | |
| 开本: | 26cm | |
| 丛书名: | 高等职业教育旅游管理类专业系列教材 | |
| 单 册: | ||
| 中图分类: | F719.2 | |
| 科图分类: | ||
| 主题词: | 饭店--fan dian--劳动力资源--资源管理--高等学校--教材 | |
| 电子资源: | ||
| ISBN: | 978-7-5641-0758-1 | |
| 000 | 01212nam 2200277 450 | |
| 001 | 012008449646 | |
| 005 | 20080602170505.85 | |
| 010 | @a978-7-5641-0758-1@dCNY19.00 | |
| 100 | @a20080602d2007 em y0chiy0120 ea | |
| 101 | 0 | @achi |
| 102 | @aCN@b320000 | |
| 105 | @ay a 000yy | |
| 106 | @ar | |
| 200 | 1 | @a饭店人力资源管理实务@Afan dian ren li zi yuan guan li shi wu@f顾沉珠, 田刚主编@Fgu chen zhu,tian gang zhu bian |
| 210 | @a南京@c东南大学出版社@d2007.07 | |
| 215 | @a176页@d26cm | |
| 225 | 2 | @a高等职业教育旅游管理类专业系列教材@Agao deng zhi ye jiao yu lu you guan li lei zhuan ye xi lie jiao cai |
| 320 | @a有书目 (第176页) | |
| 330 | @a本书在内容选取上,根据饭店管理专业学生的实际知识需求,选取了人力资源管理基础知识、招聘与选拔、员工培训、薪酬管理、绩效管理、劳动争议处理等操作模块,并以精选的实际案例及资料作补充。全书采用教学课件和教材、练习册配套的体例,在教学和学习中具有较强的可操作性。 | |
| 410 | 0 | @12001 @a高等职业教育旅游管理类专业系列教材 |
| 606 | 0 | @a饭店@Afan dian@x劳动力资源@x资源管理@x高等学校@j教材 |
| 690 | @aF719.2@v4 | |
| 701 | 0 | @a顾沉珠@Agu chen zhu@4主编 |
| 701 | 0 | @a田刚@Atian gang@4主编 |
| 801 | 0 | @aCN@bQSSK@c20080602 |
| 905 | @b721489-90@dF719.2@eG489@f2 | |
| 饭店人力资源管理实务/顾沉珠, 田刚主编.-南京:东南大学出版社,2007.07 |
| 176页;26cm.-(高等职业教育旅游管理类专业系列教材) |
| ISBN 978-7-5641-0758-1:CNY19.00 |
| 本书在内容选取上,根据饭店管理专业学生的实际知识需求,选取了人力资源管理基础知识、招聘与选拔、员工培训、薪酬管理、绩效管理、劳动争议处理等操作模块,并以精选的实际案例及资料作补充。全书采用教学课件和教材、练习册配套的体例,在教学和学习中具有较强的可操作性。 |
| ● |
| 相关链接 |
|
|
|
正题名:饭店人力资源管理实务
索取号:F719.2/G489
 
预约/预借
| 序号 | 登录号 | 条形码 | 馆藏地/架位号 | 状态 | 备注 |
| 1 | 721489 | 207214897 | 社科库409/409社科库 46排3列5层/ [索取号:F719.2/G489] | 在馆 | |
| 2 | 721490 | 207214904 | 社科库409/409社科库 46排3列5层/ [索取号:F719.2/G489] | 在馆 |